[Event "New Zealand Open Ch'p 2015"]
[Site "Devonport, Auckland"]
[Date "2015.01.01"]
[Round "1.1"]
[White "Carpinter, Bernard A"]
[Black "Howell, David W L"]
[Result "0-1"]
[WhiteElo "1873"]
[BlackElo "2670"]
[PlyCount "86"]
[EventDate "2015.01.01"]
[EventType "swiss"]
[EventRounds "9"]
[SourceDate "2015.01.01"]

1. d4 Nf6 2. Nf3 g6 3. Bg5 Bg7 4. c3 O-O 5. Nbd2 d5 6. e3 Nbd7 7. Be2 Re8 8.
O-O e5 9. dxe5 Nxe5 10. Nxe5 Rxe5 11. Nf3 Re8 12. h3 c6 13. Qb3 Qb6 14. Rfd1
Ne4 15. Bf4 Nc5 16. Qc2 Bf5 17. Qc1 a5 18. Nd4 Bd7 19. Bf3 a4 20. Bd6 Ne4 21.
Bxe4 Rxe4 22. Ne2 Rae8 23. Bg3 h5 24. Nd4 h4 25. Bh2 g5 26. Re1 c5 27. Nc2 Qg6
28. f3 R4e7 29. Qd2 Bc6 30. Rad1 f5 31. Qf2 b6 32. Kh1 Bf6 33. Rd2 Re6 34. Rf1
R8e7 35. f4 g4 36. hxg4 Qxg4 37. Qf3 Re4 38. Kg1 a3 39. Nxa3 Rxe3 40. Qxg4+
fxg4 41. Kh1 g3 42. Bg1 Re2 43. Rfd1 d4 0-1

[Event "New Zealand Open Ch'p 2015"]
[Site "Devonport, Auckland"]
[Date "2015.01.01"]
[Round "1.2"]
[White "Rasmussen, Allan Stig"]
[Black "Taylor, Richard"]
[Result "1-0"]
[WhiteElo "2526"]
[BlackElo "1871"]
[PlyCount "89"]
[EventDate "2015.01.01"]
[EventType "swiss"]
[EventRounds "9"]
[SourceDate "2015.01.01"]

1. Nf3 Nf6 2. c4 c5 3. Nc3 d5 4. cxd5 Nxd5 5. g3 Nc6 6. Bg2 Nc7 7. O-O e5 8. a3
Be7 9. b4 f6 10. bxc5 Bxc5 11. Qa4 Bd7 12. Qc4 Be7 13. Rb1 Na5 14. Qa2 Be6 15.
Qc2 O-O 16. d4 Rc8 17. Qd3 Bc4 18. Qe4 Nd5 19. Nxd5 Bxd5 20. Qg4 Bxf3 21. Qe6+
Kh8 22. Bxf3 exd4 23. Rd1 b6 24. e3 d3 25. Be4 f5 26. Rxd3 Qc7 27. Bxf5 Bf6 28.
Rd1 Rce8 29. Qa2 Qe5 30. Rd5 Qc3 31. Bd2 Qc4 32. Qxc4 Nxc4 33. Bb4 Rf7 34. Rc1
Ne5 35. f4 Ng6 36. Rd7 Rxd7 37. Bxd7 Rd8 38. Bf5 a5 39. Be1 Ne7 40. Be4 Nd5 41.
Kf2 g6 42. Rc6 Kg7 43. a4 g5 44. Ke2 gxf4 45. gxf4 1-0

[Event "New Zealand Open Ch'p 2015"]
[Site "Devonport, Auckland"]
[Date "2015.01.01"]
[Round "1.4"]
[White "Bischoff, Klaus"]
[Black "James, Jack"]
[Result "1-0"]
[WhiteElo "2490"]
[BlackElo "1867"]
[PlyCount "89"]
[EventDate "2015.01.01"]
[EventType "swiss"]
[EventRounds "9"]
[SourceDate "2015.01.01"]

1. d4 d6 2. e4 Nd7 3. c4 e5 4. Ne2 c6 5. Nbc3 Ngf6 6. d5 Qc7 7. f3 Be7 8. Be3
Nf8 9. Qd2 Bd7 10. Nc1 a5 11. Be2 h6 12. Nd3 c5 13. Nf2 g5 14. g3 Ng6 15. O-O-O
O-O-O 16. Nd3 b6 17. a3 Qa7 18. Kb1 Kb7 19. b3 Rb8 20. Nb5 Bxb5 21. cxb5 Ra8
22. Nb2 Qb8 23. Qc2 Nd7 24. Nc4 Qf8 25. Bf1 Bd8 26. Bh3 Qe7 27. Bc1 Bc7 28.
Rdf1 Nf6 29. Bb2 Rhe8 30. a4 Rg8 31. Bf5 Rae8 32. Qg2 Nf8 33. Rf2 N8d7 34. Bc1
Kc8 35. h4 Rg7 36. hxg5 hxg5 37. Rh6 Reg8 38. Qh1 Kd8 39. Rfh2 g4 40. f4 Ne8
41. Rh8 f6 42. Rxg8 Rxg8 43. Be6 Rg7 44. Ne3 Kc8 45. Nf5 1-0

[Event "New Zealand Open Ch'p 2015"]
[Site "Devonport, Auckland"]
[Date "2015.01.01"]
[Round "1.5"]
[White "Eade, Don G"]
[Black "Sukandar, Irine Kharisma"]
[Result "0-1"]
[WhiteElo "1858"]
[BlackElo "2392"]
[PlyCount "58"]
[EventDate "2015.01.01"]
[EventType "swiss"]
[EventRounds "9"]
[SourceDate "2015.01.01"]

1. e4 c5 2. c3 d6 3. d4 Nf6 4. Bd3 Nc6 5. d5 Ne5 6. Bc2 g6 7. f4 Ned7 8. c4 Bg7
9. Nf3 O-O 10. O-O a6 11. Nc3 b5 12. Bd3 bxc4 13. Bxc4 Nb6 14. Bd3 Qc7 15. h3
e6 16. dxe6 Bxe6 17. f5 Bd7 18. Bf4 Bc6 19. Qd2 Rfe8 20. Rae1 Qb7 21. fxg6 hxg6
22. e5 dxe5 23. Nxe5 Rad8 24. Bg5 Rxe5 25. Rxe5 Nc4 26. Qf4 Nxe5 27. Qxe5 Nh7
28. Qxg7+ Kxg7 29. Bxd8 Qd7 0-1

[Event "New Zealand Open Ch'p 2015"]
[Site "Devonport, Auckland"]
[Date "2015.01.01"]
[Round "1.6"]
[White "Van Riemsdijk, Herman C"]
[Black "Tsagarakis, Angelo"]
[Result "1-0"]
[WhiteElo "2356"]
[BlackElo "1855"]
[PlyCount "61"]
[EventDate "2015.01.01"]
[EventType "swiss"]
[EventRounds "9"]
[SourceDate "2015.01.01"]

1. e4 Nc6 2. d4 d6 3. Nf3 g6 4. Bb5 a6 5. Ba4 b5 6. Bb3 Nf6 7. O-O Bg7 8. c3
O-O 9. Bf4 Bb7 10. Nbd2 Nh5 11. Be3 e5 12. Re1 a5 13. a4 exd4 14. Nxd4 bxa4 15.
Nxc6 Bxc6 16. Bxa4 Bb7 17. Qc2 Qh4 18. g3 Qh3 19. Bb5 d5 20. Bf1 Qg4 21. Bg2
Nf6 22. e5 Nd7 23. f4 Nb6 24. c4 Rfd8 25. c5 Nc8 26. Nb3 f6 27. Nxa5 Ba6 28.
Nc6 fxe5 29. Nxd8 Qd7 30. Rad1 Bc4 31. Qxc4 1-0

[Event "New Zealand Open Ch'p 2015"]
[Site "Devonport, Auckland"]
[Date "2015.01.01"]
[Round "1.7"]
[White "Hielscher, Ursula"]
[Black "Hague, Ben"]
[Result "0-1"]
[WhiteElo "1845"]
[BlackElo "2317"]
[PlyCount "72"]
[EventDate "2015.01.01"]
[EventType "swiss"]
[EventRounds "9"]
[SourceDate "2015.01.01"]

1. d4 Nf6 2. c4 e6 3. Nc3 Bb4 4. Qc2 O-O 5. Bg5 d5 6. e3 c5 7. Nf3 cxd4 8. Nxd4
Nc6 9. Nxc6 bxc6 10. cxd5 cxd5 11. Bd3 h6 12. Bh4 e5 13. O-O Be6 14. Bg3 Nd7
15. Rfd1 Rc8 16. a3 Bxc3 17. bxc3 Qa5 18. Rac1 Rc5 19. f3 Rfc8 20. Be1 Qc7 21.
Ba6 Rb8 22. a4 Nb6 23. Bf2 Ra5 24. Bb5 a6 25. Bd3 Nc4 26. Rb1 Rxb1 27. Qxb1 Rc5
28. e4 Rc6 29. exd5 Bxd5 30. Bh7+ Kh8 31. Bd3 Nd6 32. Qb4 e4 33. Qb2 Rxc3 34.
Bb6 Qc6 35. Qd2 Qxb6+ 36. Kh1 Qd4 0-1

[Event "New Zealand Open Ch'p 2015"]
[Site "Devonport, Auckland"]
[Date "2015.01.01"]
[Round "1.8"]
[White "Dive, Russell J"]
[Black "Seabrook, Roy"]
[Result "1-0"]
[WhiteElo "2315"]
[BlackElo "1839"]
[PlyCount "81"]
[EventDate "2015.01.01"]
[EventType "swiss"]
[EventRounds "9"]
[SourceDate "2015.01.01"]

1. Nf3 Nf6 2. g3 g6 3. Bg2 Bg7 4. O-O O-O 5. c4 d6 6. Nc3 e5 7. d3 Nc6 8. Rb1
Re8 9. Nd2 Rb8 10. b4 Bf5 11. b5 Nd4 12. Qa4 Nd7 13. Ba3 Nb6 14. Qd1 Qd7 15.
Re1 Bh6 16. Nde4 Kg7 17. c5 Bxe4 18. Nxe4 Nc8 19. cxd6 cxd6 20. Nc3 Nb6 21. e3
Rbc8 22. exd4 Rxc3 23. Bb2 exd4 24. Bxc3 dxc3 25. f4 Rc8 26. Qb3 d5 27. a4 g5
28. a5 Na8 29. Qxd5 Qxd5 30. Bxd5 gxf4 31. Bxb7 Rd8 32. Bxa8 Rxa8 33. Rec1 Rc8
34. Rb3 c2 35. Rb2 Rc3 36. Rcxc2 Rxd3 37. gxf4 Bxf4 38. b6 axb6 39. axb6 Rd8
40. b7 Kf8 41. Rc8 1-0

[Event "New Zealand Open Ch'p 2015"]
[Site "Devonport, Auckland"]
[Date "2015.01.01"]
[Round "1.9"]
[White "Burke, Matthew WP"]
[Black "Ker, Anthony F"]
[Result "0-1"]
[WhiteElo "1833"]
[BlackElo "2302"]
[PlyCount "72"]
[EventDate "2015.01.01"]
[EventType "swiss"]
[EventRounds "9"]
[SourceDate "2015.01.01"]

1. d4 d6 2. e4 Nf6 3. Nc3 g6 4. Be3 c6 5. b3 Nbd7 6. f4 b5 7. a3 a6 8. Bd3 Bb7
9. Nf3 Bg7 10. O-O e6 11. Qe1 c5 12. e5 dxe5 13. fxe5 Nd5 14. Ne4 O-O 15. Bg5
Qc7 16. c3 cxd4 17. cxd4 Qb6 18. Kh1 f6 19. exf6 N5xf6 20. Nc5 Nxc5 21. dxc5
Qxc5 22. Qxe6+ Kh8 23. Rac1 Qd5 24. Qxd5 Nxd5 25. Rf2 Nf4 26. Bxf4 Rxf4 27. Rc7
Bxf3 28. gxf3 Raf8 29. Kg2 Bd4 30. Rd2 Rxf3 31. Rcc2 Be5 32. h4 Rg3+ 33. Kh1
Rf4 34. Rc8+ Kg7 35. Rd8 Rxh4+ 36. Rh2 Rxh2+ 0-1

[Event "New Zealand Open Ch'p 2015"]
[Site "Devonport, Auckland"]
[Date "2015.01.01"]
[Round "1.10"]
[White "Teh, Eu Wen Aron"]
[Black "Maris, Natalie A"]
[Result "1-0"]
[WhiteElo "2300"]
[BlackElo "1824"]
[PlyCount "97"]
[EventDate "2015.01.01"]
[EventType "swiss"]
[EventRounds "9"]
[SourceDate "2015.01.01"]

1. d4 Nf6 2. c4 e6 3. Nc3 Bb4 4. Qc2 c5 5. dxc5 Bxc5 6. Nf3 Nc6 7. a3 a6 8. Bg5
h6 9. Bh4 O-O 10. e3 Re8 11. Be2 Be7 12. Rd1 Qc7 13. O-O b6 14. Bg3 d6 15. Nd5
exd5 16. cxd5 Bb7 17. dxc6 Qxc6 18. Qxc6 Bxc6 19. Bxd6 b5 20. Bxe7 Rxe7 21. Nd4
Bb7 22. Rc1 Rd7 23. Rc2 Be4 24. Rc5 Rd5 25. Rfc1 Rad8 26. f3 Bg6 27. Kf2 Kf8
28. Rxd5 Nxd5 29. Rc6 Ra8 30. e4 Ne7 31. Rd6 Ke8 32. Ke3 Nc8 33. Rxa6 Rxa6 34.
Bxb5+ Ke7 35. Bxa6 Nb6 36. Nc6+ Kd6 37. Nb4 f6 38. Kd4 Bf7 39. f4 Na4 40. Nd3
g5 41. Bb5 Nb6 42. g3 Bb3 43. Nc5 Bd1 44. b4 Bf3 45. a4 gxf4 46. gxf4 h5 47. a5
Nc8 48. Bd7 Ne7 49. a6 1-0

[Event "New Zealand Open Ch'p 2015"]
[Site "Devonport, Auckland"]
[Date "2015.01.01"]
[Round "1.11"]
[White "Fan, Allen Chi Zhou"]
[Black "Le Roy, Brice"]
[Result "0-1"]
[WhiteElo "1816"]
[BlackElo "2290"]
[PlyCount "82"]
[EventDate "2015.01.01"]
[EventType "swiss"]
[EventRounds "9"]
[SourceDate "2015.01.01"]

1. Nf3 d5 2. c4 d4 3. e3 c5 4. d3 Nc6 5. Be2 e5 6. O-O Bd6 7. Na3 f5 8. exd4
cxd4 9. Nc2 a5 10. Re1 Nf6 11. Bf1 O-O 12. b3 e4 13. dxe4 fxe4 14. Ng5 Bxh2+
15. Kxh2 Ng4+ 16. Kg1 e3 17. Bxe3 dxe3 18. Qxd8 exf2+ 19. Kh1 Nxd8 20. Re7 Ra6
21. Rd1 Rh6+ 22. Nh3 Nc6 23. Re2 Bf5 24. Ne3 Be4 25. Nxg4 Rxh3+ 26. Nh2 Rh4 27.
Rd6 Ne5 28. Rxe4 Rxe4 29. g3 Ng4 30. Nxg4 Rxg4 31. Kg2 h5 32. Rd3 h4 33. a3
Rxg3+ 34. Rxg3 hxg3 35. Kxg3 Rf6 36. b4 axb4 37. axb4 Kf7 38. b5 Ke7 39. Kg2
Kd6 40. Be2 f1=Q+ 41. Bxf1 Rxf1 0-1

[Event "New Zealand Open Ch'p 2015"]
[Site "Devonport, Auckland"]
[Date "2015.01.01"]
[Round "1.12"]
[White "Garbett, Paul A"]
[Black "Rains, Timothy"]
[Result "1-0"]
[WhiteElo "2264"]
[BlackElo "1814"]
[PlyCount "97"]
[EventDate "2015.01.01"]
[EventType "swiss"]
[EventRounds "9"]
[SourceDate "2015.01.01"]

1. Nf3 d5 2. d4 c6 3. c4 Nf6 4. Qc2 dxc4 5. Qxc4 Bf5 6. g3 e6 7. Bg2 Nbd7 8.
O-O Be7 9. e3 O-O 10. Qe2 Qc7 11. Nc3 e5 12. h3 Rfe8 13. e4 exd4 14. Nxd4 Bg6
15. Bf4 Qb6 16. Be3 Qc7 17. Rac1 Bb4 18. Nd5 Qa5 19. Nxb4 Qxb4 20. f3 Nh5 21.
g4 Nhf6 22. Qf2 h6 23. Rfd1 Qa5 24. Qd2 Qxd2 25. Rxd2 Nf8 26. Rcd1 Rad8 27. a3
Rd7 28. Nb3 Red8 29. Bxa7 Rxd2 30. Rxd2 Rxd2 31. Nxd2 N6d7 32. Be3 f6 33. Nc4
Bf7 34. Na5 Ne5 35. Nxb7 Nc4 36. Bd4 Ne6 37. Bc3 Ne3 38. Kf2 Nxg2 39. Kxg2 Kf8
40. Bb4+ Kg8 41. Nd6 Nc7 42. Nxf7 Kxf7 43. h4 Ne6 44. Bd6 Nd4 45. h5 Nb5 46.
Bb8 Ke7 47. a4 Nd6 48. Bxd6+ Kxd6 49. b4 1-0

[Event "New Zealand Open Ch'p 2015"]
[Site "Devonport, Auckland"]
[Date "2015.01.01"]
[Round "1.13"]
[White "Shaw, Robin A"]
[Black "Steadman, Michael VR"]
[Result "0-1"]
[WhiteElo "1813"]
[BlackElo "2257"]
[PlyCount "58"]
[EventDate "2015.01.01"]
[EventType "swiss"]
[EventRounds "9"]
[SourceDate "2015.01.01"]

1. g3 e5 2. Bg2 Nc6 3. d3 d6 4. a3 g6 5. b4 Bg7 6. Bb2 f5 7. e3 Nf6 8. Nd2 Qe7
9. b5 Nd8 10. Ne2 O-O 11. O-O Nh5 12. c4 f4 13. Nc3 Ne6 14. Nd5 Qd8 15. exf4
exf4 16. Bxg7 Nhxg7 17. Nf3 c6 18. Nc3 Bd7 19. d4 Nc7 20. Qb3 Kh8 21. a4 g5 22.
Ne4 g4 23. Nh4 f3 24. Nxf3 gxf3 25. Bxf3 Bh3 26. Rfe1 d5 27. cxd5 cxd5 28. Nd2
Qf6 29. Qb4 Nge6 0-1

[Event "New Zealand Open Ch'p 2015"]
[Site "Devonport, Auckland"]
[Date "2015.01.01"]
[Round "1.14"]
[White "Croad, Nicholas"]
[Black "Fairley, Natasha"]
[Result "1-0"]
[WhiteElo "2254"]
[BlackElo "1796"]
[PlyCount "41"]
[EventDate "2015.01.01"]
[EventType "swiss"]
[EventRounds "9"]
[SourceDate "2015.01.01"]

1. d4 d5 2. c4 c6 3. Nf3 Nf6 4. e3 g6 5. Nc3 Bg7 6. Be2 O-O 7. O-O Re8 8. a4 a6
9. Qb3 e6 10. Ne5 Nbd7 11. f4 dxc4 12. Nxc4 Qc7 13. e4 c5 14. e5 Nd5 15. Nxd5
exd5 16. Nd6 Re6 17. Qxd5 Qc6 18. Qxc6 bxc6 19. Bf3 cxd4 20. Bxc6 Rb8 21. Nxc8
1-0

[Event "New Zealand Open Ch'p 2015"]
[Site "Devonport, Auckland"]
[Date "2015.01.01"]
[Round "1.15"]
[White "Lyall, Simon"]
[Black "Reilly, Tim"]
[Result "0-1"]
[WhiteElo "1786"]
[BlackElo "2238"]
[PlyCount "54"]
[EventDate "2015.01.01"]
[EventType "swiss"]
[EventRounds "9"]
[SourceDate "2015.01.01"]

1. e4 d6 2. f4 Nf6 3. Nc3 g6 4. Nf3 Bg7 5. e5 Nfd7 6. d4 c5 7. exd6 O-O 8. dxe7
Qxe7+ 9. Be2 cxd4 10. Nxd4 Re8 11. O-O Qc5 12. Kh1 Qxd4 13. Bf3 Qxd1 14. Rxd1
Bxc3 15. bxc3 Nc6 16. Ba3 Nf6 17. Kg1 Bg4 18. Bxc6 bxc6 19. Rd6 Re6 20. Rd2 Ne4
21. Rd3 Rae8 22. h3 Be2 23. Re3 Bc4 24. Bb4 Nd2 25. Rxe6 Rxe6 26. Rd1 Re2 27.
a4 Bd5 0-1

[Event "New Zealand Open Ch'p 2015"]
[Site "Devonport, Auckland"]
[Date "2015.01.01"]
[Round "1.16"]
[White "Smith, Robert W"]
[Black "Louie, Jared"]
[Result "1-0"]
[WhiteElo "2233"]
[BlackElo "1783"]
[PlyCount "49"]
[EventDate "2015.01.01"]
[EventType "swiss"]
[EventRounds "9"]
[SourceDate "2015.01.01"]

1. e4 c5 2. Nf3 d6 3. d4 cxd4 4. Qxd4 Bd7 5. Bg5 Nc6 6. Qd2 h6 7. Bh4 g5 8. Bg3
Bg7 9. Nc3 Nf6 10. e5 Nh5 11. exd6 Nxg3 12. hxg3 g4 13. Nh4 h5 14. Bd3 exd6 15.
O-O O-O 16. Bf5 Nd4 17. Bxd7 Qxd7 18. Qg5 Rae8 19. Rae1 Nxc2 20. Rxe8 Rxe8 21.
Nf5 f6 22. Qg6 Nb4 23. Nxg7 Qxg7 24. Qxe8+ Kh7 25. Qe4+ 1-0

[Event "New Zealand Open Ch'p 2015"]
[Site "Devonport, Auckland"]
[Date "2015.01.01"]
[Round "1.17"]
[White "Rossiter, Philip E"]
[Black "Drummond, Matthew"]
[Result "0-1"]
[WhiteElo "1775"]
[BlackElo "2231"]
[PlyCount "98"]
[EventDate "2015.01.01"]
[EventType "swiss"]
[EventRounds "9"]
[SourceDate "2015.01.01"]

1. c4 g6 2. Nc3 Bg7 3. g3 c5 4. Bg2 Nc6 5. e3 e5 6. Nge2 Nge7 7. d3 d6 8. a3
O-O 9. Qc2 Rb8 10. Rb1 Be6 11. O-O d5 12. cxd5 Nxd5 13. Bd2 Rc8 14. Nxd5 Bxd5
15. Nc3 Be6 16. Rbc1 b6 17. Qb1 Bb3 18. Ne2 Re8 19. Bc3 Qd7 20. Rce1 h5 21. Nc1
Bd5 22. Qc2 Nd4 23. Qd1 Bxg2 24. Kxg2 Qc6+ 25. f3 Ne6 26. Qd2 Red8 27. Qf2 Rd7
28. h4 f5 29. Kh2 Nf8 30. e4 Rf7 31. exf5 Rxf5 32. Qe2 Nd7 33. Qe4 Qd6 34. Kg2
Rcf8 35. Qc4+ Kh7 36. Re4 Nf6 37. Re2 Nd5 38. Bd2 Nc7 39. f4 Qd5+ 40. Qe4 Bh6
41. Qxd5 Nxd5 42. Re4 exf4 43. gxf4 Bxf4 44. Bxf4 Nxf4+ 45. Kh2 R8f7 46. d4 Nd3
47. Nxd3 Rxf1 48. d5 Rd1 49. Nf4 Rd4 0-1

[Event "New Zealand Open Ch'p 2015"]
[Site "Devonport, Auckland"]
[Date "2015.01.01"]
[Round "1.18"]
[White "McLaren, Leonard J"]
[Black "Smith, Vivian J"]
[Result "1-0"]
[WhiteElo "2210"]
[BlackElo "1762"]
[PlyCount "27"]
[EventDate "2015.01.01"]
[EventType "swiss"]
[EventRounds "9"]
[SourceDate "2015.01.01"]

1. e4 d6 2. d4 Nf6 3. Nc3 g6 4. Be3 c6 5. Qd2 Qc7 6. Nf3 Nbd7 7. Bd3 Bg7 8. Bh6
O-O 9. h4 e5 10. h5 Re8 11. hxg6 fxg6 12. Bxg7 Kxg7 13. Qh6+ Kh8 14. Qxg6 1-0

[Event "New Zealand Open Ch'p 2015"]
[Site "Devonport, Auckland"]
[Date "2015.01.01"]
[Round "1.20"]
[White "Morrell, Gordon"]
[Black "Williams, Doug"]
[Result "1/2-1/2"]
[WhiteElo "2147"]
[BlackElo "1754"]
[PlyCount "85"]
[EventDate "2015.01.01"]
[EventType "swiss"]
[EventRounds "9"]
[SourceDate "2015.01.01"]

1. c4 Nc6 2. Nc3 e5 3. g3 g6 4. Bg2 Bg7 5. e4 d6 6. Nge2 Be6 7. d3 Qd7 8. h3 f5
9. Nd5 h6 10. O-O Nf6 11. Kh2 g5 12. f4 exf4 13. gxf4 g4 14. Ng3 Bxd5 15. cxd5
Ne7 16. Qb3 Rb8 17. Be3 gxh3 18. Bxh3 Ng4+ 19. Bxg4 fxg4 20. Nh5 Ng6 21. Nxg7+
Qxg7 22. Qa4+ Qd7 23. Qxd7+ Kxd7 24. Bxa7 Rbe8 25. Bd4 Rh7 26. Kg3 h5 27. f5
Ne5 28. Bxe5 dxe5 29. Rac1 Rg8 30. Rh1 Ra8 31. a3 Ra6 32. Rc2 Ra8 33. Rh4 Rf8
34. Rc4 Kd6 35. Rb4 c6 36. dxc6 bxc6 37. a4 Ra8 38. b3 Rd8 39. d4 Kc7 40. dxe5
Rd3+ 41. Kg2 Rd2+ 42. Kg3 Rd3+ 43. Kg2 1/2-1/2

[Event "New Zealand Open Ch'p 2015"]
[Site "Devonport, Auckland"]
[Date "2015.01.01"]
[Round "1.21"]
[White "Mukkattu, Philip"]
[Black "Thornton, Giovanni A"]
[Result "0-1"]
[WhiteElo "1743"]
[BlackElo "2143"]
[PlyCount "64"]
[EventDate "2015.01.01"]
[EventType "swiss"]
[EventRounds "9"]
[SourceDate "2015.01.01"]

1. d4 Nf6 2. c4 e6 3. Nc3 Bb4 4. Qc2 b6 5. a3 Bxc3+ 6. bxc3 Bb7 7. Bg5 d6 8. f3
Nbd7 9. e4 h6 10. Bh4 O-O 11. Rd1 Qe7 12. Ne2 c5 13. Nc1 Rfc8 14. Qe2 e5 15. d5
Nf8 16. Qd2 Ng6 17. Bf2 Rf8 18. Ne2 Qe8 19. Ng3 Bc8 20. Be3 Kh7 21. h4 Qa4 22.
Qa2 Bd7 23. Nf5 Nh5 24. Kf2 Qxd1 25. Nxd6 Nhf4 26. Rh2 Nd3+ 27. Bxd3 Qxd3 28.
Qb3 Nf4 29. Qb2 Qxe4 30. Qd2 Qg6 31. Ne4 Bf5 32. Ng3 Nd3+ 0-1

[Event "New Zealand Open Ch'p 2015"]
[Site "Devonport, Auckland"]
[Date "2015.01.01"]
[Round "1.22"]
[White "Stojic, Dusan"]
[Black "Lamerton, Troy"]
[Result "1-0"]
[WhiteElo "2123"]
[BlackElo "1731"]
[PlyCount "81"]
[EventDate "2015.01.01"]
[EventType "swiss"]
[EventRounds "9"]
[SourceDate "2015.01.01"]

1. Nf3 d5 2. g3 Nf6 3. Bg2 e6 4. c4 Be7 5. O-O O-O 6. b3 Nc6 7. d4 Rb8 8. Bb2
b6 9. Nbd2 Bb7 10. cxd5 exd5 11. Rc1 Bd6 12. Ne5 Bxe5 13. dxe5 Ng4 14. Nf3 Re8
15. Qc2 Ngxe5 16. Nxe5 Nxe5 17. Qxc7 Qxc7 18. Rxc7 Ng6 19. e3 Rec8 20. Rfc1
Rxc7 21. Rxc7 Nf8 22. Be5 Ng6 23. Bd6 a6 24. h4 Nf8 25. h5 Ne6 26. Rxf7 Rd8 27.
Rxb7 Rxd6 28. Bh3 Nc5 29. Rc7 Ne4 30. Bf1 a5 31. Bg2 Nc5 32. Kf1 Kf8 33. Ke2
Na6 34. Rc2 Ke7 35. Rc8 Nb4 36. a3 Nc6 37. Rc7+ Rd7 38. Rxc6 Rd6 39. Rxd6 Kxd6
40. Kd3 Ke5 41. f4+ 1-0

[Event "New Zealand Open Ch'p 2015"]
[Site "Devonport, Auckland"]
[Date "2015.01.01"]
[Round "1.23"]
[White "Opasiak, Dustin Tennessee"]
[Black "Gao, Hans"]
[Result "0-1"]
[WhiteElo "1729"]
[BlackElo "2116"]
[PlyCount "80"]
[EventDate "2015.01.01"]
[EventType "swiss"]
[EventRounds "9"]
[SourceDate "2015.01.01"]

1. e4 c5 2. Nf3 d6 3. Bb5+ Nd7 4. O-O a6 5. Bxd7+ Bxd7 6. Re1 Bg4 7. h3 Bh5 8.
c4 Nf6 9. Nc3 e6 10. Qe2 Be7 11. d3 O-O 12. Bf4 Qa5 13. g4 Bg6 14. Nh4 Rfd8 15.
Nxg6 hxg6 16. h4 Nd7 17. Bd2 Qb6 18. h5 g5 19. f4 gxf4 20. Bxf4 Bf6 21. g5 Bd4+
22. Kh1 Ne5 23. Rad1 Qc6 24. Qg2 g6 25. Rd2 gxh5 26. Be3 b5 27. Bxd4 cxd4 28.
cxb5 axb5 29. Ne2 Rxa2 30. Nf4 Rda8 31. g6 Ra1 32. gxf7+ Kxf7 33. Rf1 Ng4 34.
Nxh5+ Ke7 35. Rdd1 Rxd1 36. Rxd1 Rg8 37. Qd2 Qc5 38. Nf4 Qg5 39. Ra1 Nf2+ 40.
Qxf2 Rh8+ 0-1

[Event "New Zealand Open Ch'p 2015"]
[Site "Devonport, Auckland"]
[Date "2015.01.01"]
[Round "1.24"]
[White "Zulfic, Fedja"]
[Black "Brockway, Andrew"]
[Result "1-0"]
[WhiteElo "2114"]
[BlackElo "1727"]
[PlyCount "65"]
[EventDate "2015.01.01"]
[EventType "swiss"]
[EventRounds "9"]
[SourceDate "2015.01.01"]

1. d4 Nf6 2. c4 e6 3. Nf3 Bb4+ 4. Nbd2 O-O 5. a3 Bxd2+ 6. Qxd2 d6 7. b4 Nbd7 8.
Bb2 b6 9. e3 Bb7 10. Be2 Ne4 11. Qc2 f5 12. O-O Qe7 13. Rad1 g5 14. Ne1 g4 15.
d5 exd5 16. cxd5 Ne5 17. Nd3 Ng6 18. Nf4 Nxf4 19. exf4 Rae8 20. Bb5 Rc8 21.
Rfe1 Qf7 22. Rxe4 fxe4 23. Qc3 Qg6 24. Bd7 Kf7 25. f5 Qh6 26. Be6+ Ke7 27. f6+
Kd8 28. Rc1 c5 29. Qg3 Kc7 30. Bxc8 Bxc8 31. bxc5 Rxf6 32. Qc3 Rg6 33. cxb6+
1-0

[Event "New Zealand Open Ch'p 2015"]
[Site "Devonport, Auckland"]
[Date "2015.01.01"]
[Round "1.25"]
[White "Shen, Terry"]
[Black "Dowden, R Anthony"]
[Result "0-1"]
[WhiteElo "1722"]
[BlackElo "2108"]
[PlyCount "50"]
[EventDate "2015.01.01"]
[EventType "swiss"]
[EventRounds "9"]
[SourceDate "2015.01.01"]

1. d4 e6 2. c4 Nf6 3. Nc3 c5 4. d5 exd5 5. cxd5 d6 6. e4 g6 7. f4 Bg7 8. Nf3
Bg4 9. Bb5+ Nfd7 10. O-O O-O 11. Qc2 Bxf3 12. Rxf3 a6 13. Bxd7 Nxd7 14. a4 Re8
15. b3 Nf6 16. Rb1 Ng4 17. Bb2 Qh4 18. g3 Qh5 19. Rbf1 Bd4+ 20. Kh1 f5 21. exf5
Ne3 22. Qd3 Nxf1 23. Rxf1 Re3 24. Qd2 Rxg3 25. Ne4 Qf3+ 0-1

[Event "New Zealand Open Ch'p 2015"]
[Site "Devonport, Auckland"]
[Date "2015.01.01"]
[Round "1.26"]
[White "Vincenti, David"]
[Black "Cooper, Nigel M"]
[Result "1-0"]
[WhiteElo "2106"]
[BlackElo "1714"]
[PlyCount "89"]
[EventDate "2015.01.01"]
[EventType "swiss"]
[EventRounds "9"]
[SourceDate "2015.01.01"]

1. d4 g6 2. c4 Bg7 3. e4 d6 4. Nc3 Nf6 5. f3 O-O 6. Nge2 Nbd7 7. Be3 c5 8. d5
Ne5 9. Ng3 e6 10. Be2 a6 11. dxe6 fxe6 12. O-O Qe7 13. Qd2 Rd8 14. Rad1 Nf7 15.
f4 Bh6 16. f5 Bxe3+ 17. Qxe3 exf5 18. Qf2 Nxe4 19. Ngxe4 fxe4 20. Nd5 Qf8 21.
Qf6 Qg7 22. Ne7+ Kf8 23. Nxg6+ Kg8 24. Ne7+ Kf8 25. Rxd6 Qxf6 26. Rdxf6 Kxe7
27. Rxf7+ Ke6 28. Rxh7 Bd7 29. Bg4+ Ke5 30. Bxd7 Kd4 31. Be6 Re8 32. Rd1+ Ke3
33. Bd5 Ke2 34. Rf1 Rf8 35. Rhf7 Rxf7 36. Rxf7 Re8 37. Rf2+ Ke1 38. Rf4 e3 39.
Re4 Rxe4 40. Bxe4 Kd2 41. Bf3 Kc2 42. h4 Kxb2 43. h5 Kxa2 44. h6 b5 45. h7 1-0

[Event "New Zealand Open Ch'p 2015"]
[Site "Devonport, Auckland"]
[Date "2015.01.01"]
[Round "1.27"]
[White "Pakenham, John"]
[Black "Lauterbach, Ingrid"]
[Result "1/2-1/2"]
[WhiteElo "1704"]
[BlackElo "2089"]
[PlyCount "102"]
[EventDate "2015.01.01"]
[EventType "swiss"]
[EventRounds "9"]
[SourceDate "2015.01.01"]

1. Nf3 d6 2. d4 g6 3. g3 Bg7 4. Bg2 Nd7 5. O-O e5 6. e4 Ne7 7. d5 O-O 8. c4 f5
9. Ng5 Nc5 10. Nc3 h6 11. b4 Na6 12. Nh3 Nxb4 13. Rb1 a5 14. f3 b6 15. Ba3 Na6
16. Qd2 Nb8 17. Nf2 Nd7 18. Nd3 Ba6 19. Nb5 Nf6 20. h3 g5 21. Kh2 fxe4 22. fxe4
Ng6 23. Rf2 Qd7 24. Qe2 Rad8 25. Rf5 Rf7 26. Bc1 Ne7 27. Rf1 Rdf8 28. Be3 Bc8
29. Nf2 Qd8 30. g4 Bd7 31. Rb2 Nc8 32. a3 Ne8 33. Nc3 Ne7 34. Nh1 Ng6 35. Rxf7
Rxf7 36. Ng3 Nf4 37. Qd2 Nf6 38. Nf5 Bf8 39. Bf3 Rh7 40. Bxf4 exf4 41. Qe2 Qe8
42. Nb5 Bc8 43. Qg2 Qe7 44. Re2 Ne8 45. Na7 Bd7 46. Nb5 Qd8 47. Ra2 Qf6 48. Re2
Bxf5 49. exf5 Re7 50. Re6 Rxe6 51. dxe6 Qe7 {The scoresheets are mostly
undecipherable and the game ended with a draw on move 84.} 1/2-1/2

[Event "New Zealand Open Ch'p 2015"]
[Site "Devonport, Auckland"]
[Date "2015.01.01"]
[Round "1.28"]
[White "McNabb, Matthew D"]
[Black "Zhu, Karl Kai"]
[Result "1-0"]
[WhiteElo "2069"]
[BlackElo "1689"]
[PlyCount "67"]
[EventDate "2015.01.01"]
[EventType "swiss"]
[EventRounds "9"]
[SourceDate "2015.01.01"]

1. d4 Nf6 2. c4 e6 3. Nc3 d5 4. Nf3 Nbd7 5. e3 Be7 6. Bd3 O-O 7. O-O c6 8. Qc2
dxc4 9. Bxc4 Qc7 10. e4 e5 11. dxe5 Nxe5 12. Be2 Nfg4 13. g3 Nxf3+ 14. Bxf3 Qe5
15. h3 Nf6 16. Bf4 Qa5 17. Kg2 Be6 18. a3 Nh5 19. Bd2 Qe5 20. Ne2 Bd6 21. b4
Rac8 22. Nf4 Nf6 23. Bc3 Qg5 24. h4 Qh6 25. e5 Bc7 26. Nxe6 fxe6 27. exf6 gxf6
28. Rad1 Rf7 29. Qe4 Re8 30. Bd2 Qg6 31. Qxg6+ hxg6 32. Bc3 e5 33. Be2 f5 34.
Bc4 1-0